Building Services and the Code for Sustainable Homes (Record no. 108830)
[ view plain ]
| 000 -LEADER | |
|---|---|
| fixed length control field | 02203cad a22003135a 4500 |
| 001 - CONTROL NUMBER | |
| control field | L145595 |
| 008 - FIXED-LENGTH DATA ELEMENTS--GENERAL INFORMATION | |
| fixed length control field | 081024s2008 xxkao f 100 0 eng d |
| 020 ## - INTERNATIONAL STANDARD BOOK NUMBER | |
| International Standard Book Number | 9781842194348 |
| 035 ## - SYSTEM CONTROL NUMBER | |
| System control number | (Sirsi) u145595 |
| 041 0# - LANGUAGE CODE | |
| Language code of text/sound track or separate title | eng |
| 050 04 - LIBRARY OF CONGRESS CALL NUMBER | |
| Classification number | 696.9 $2 18 |
| 100 1# - MAIN ENTRY--PERSONAL NAME | |
| Personal name | Gleeson, Colin Patrick |
| 111 2# - MAIN ENTRY--MEETING NAME | |
| Meeting name or jurisdiction name as entry element | Construction and Building Research Conference |
| Location of meeting | Dublin Institute of Technology, Dublin |
| Date of meeting or treaty signing | 4-5 September 2008 |
| 245 00 - TITLE STATEMENT | |
| Title | Building Services and the Code for Sustainable Homes |
| Medium | [electronic resource] |
| 260 ## - PUBLICATION, DISTRIBUTION, ETC. | |
| Place of publication, distribution, etc. | London |
| Name of publisher, distributor, etc. | RICS |
| Date of publication, distribution, etc. | 2008 |
| 505 2# - FORMATTED CONTENTS NOTE | |
| Formatted contents note | Abstract -- Introduction -- Literature search -- Methodology -- Results -- Discussion -- Air permeability -- MVHR -- Boiler efficiency -- Combined service units -- Mass house building and maintenance -- Conclusion -- References |
| 520 ## - SUMMARY, ETC. | |
| Summary, etc. | Conference paper from COBRA RICS Construction and Building Research Conference. Researches the design of space heating and ventilation to meet the Code for Sustainable Homes (CSH) targets for detached housing. Aims to establish if these new standards are attainable in a mass build context. Also investigates to find out if the Code Level 3 can be reached by improving the envelope alone and the impact that low carbon dioxide emission envelopes can have on space heating and ventilation systems. Concludes that for the Code Level 3 to be met with the envelope only, the standards of construction will have to be much higher. To succeed a mass build of low energy houses, training will be necessary for construction workers. Developers will also need to educate house buyers to these systems put into place with operation and maintenance instructions. |
| 521 2# - TARGET AUDIENCE NOTE | |
| Target audience note | Advanced |
| 590 ## - LOCAL NOTE (RLIN) | |
| Local note | KA |
| 650 24 - SUBJECT ADDED ENTRY--TOPICAL TERM | |
| Topical term or geographic name entry element | COBRA |
| 650 24 - SUBJECT ADDED ENTRY--TOPICAL TERM | |
| Topical term or geographic name entry element | CONSTRUCTION AND BUILDING RESEARCH CONFERENCE |
| 650 24 - SUBJECT ADDED ENTRY--TOPICAL TERM | |
| Topical term or geographic name entry element | CODE FOR SUSTAINABLE HOMES |
| 650 24 - SUBJECT ADDED ENTRY--TOPICAL TERM | |
| Topical term or geographic name entry element | BUILDING REGULATIONS 2000 APPROVED DOCUMENT L1A (2006 EDITION) |
| 651 #4 - SUBJECT ADDED ENTRY--GEOGRAPHIC NAME | |
| Geographic name | United Kingdom |
| Chronological subdivision | |
| 690 ## - LOCAL SUBJECT ADDED ENTRY--TOPICAL TERM (OCLC, RLIN) | |
| Topical term or geographic name as entry element | BUILT ENVIRONMENT-SUSTAINABLE CONSTRUCTION |
| 710 1# - ADDED ENTRY--CORPORATE NAME | |
| Corporate name or jurisdiction name as entry element | Royal Institution of Chartered Surveyors |
| 9 (RLIN) | 4900 |
| 856 40 - ELECTRONIC LOCATION AND ACCESS | |
| Uniform Resource Identifier | <a href="https://www.rics.org/site/download_feed.aspx?fileID=3116&fileExtension=PDF">https://www.rics.org/site/download_feed.aspx?fileID=3116&fileExtension=PDF</a> |
| Public note | View the item free of charge at www.rics.org... |
| 942 ## - ADDED ENTRY ELEMENTS (KOHA) | |
| Suppress in OPAC | 0 |
| Withdrawn status | Lost status | Source of classification or shelving scheme | Damaged status | Not for loan | Home library | Current library | Shelving location | Date acquired | Total Checkouts | Full call number | Barcode | Date last seen | Copy number | Price effective from | Koha item type |
|---|---|---|---|---|---|---|---|---|---|---|---|---|---|---|---|
| Dewey Decimal Classification | Virtual | Virtual | Online | 29/10/2008 | ONLINE PUBLICATION | 145595-2001 | 06/08/2019 | 1 | 06/08/2019 | Book |